| 000 | 00764nam a22002295i 4500 | ||
|---|---|---|---|
| 001 | 168817 | ||
| 003 | ES-MaACL | ||
| 005 | 20230906213911.0 | ||
| 008 | 080612s1970 fr |||| | fre d | ||
| 080 | _a330.85(04) | ||
| 080 | _a821.133.1-91"18" | ||
| 100 | 1 |
_aLafargue, Paul. _969469 |
|
| 245 | 1 | 3 |
_aLe droit à la paresse / _cPaul Lafargue ; présentation nouvelle de Maurice Dommanget. |
| 260 |
_aParis : _bFrançois Maspero, _c1970. |
||
| 300 |
_a153 p. ; _c18 cm. |
||
| 490 | 1 |
_aPetite collection maspero ; _v50 |
|
| 650 | 1 | 4 |
_aMarxismo. _914803 |
| 700 | 1 |
_aDommanget, Maurice. _945264 |
|
| 830 | 0 |
_aPetite collection maspero ; _v50 _9179674 |
|
| 852 |
_aES-MaACL _jE-12190 _9R.190420 _z.- Biblioteca Jacinto Martínez Lacalle |
||
| 999 |
_c168817 _d168817 |
||